Great Personalities in Islam (Record no. 20803)

MARC details
000 -LEADER
fixed length control field 00295nam a22001217a 4500
020 ## - INTERNATIONAL STANDARD BOOK NUMBER
ISBN 81-7435-122-5
082 ## - DEWEY DECIMAL CLASSIFICATION NUMBER
Classification number 297.61AZI 2
100 ## - MAIN ENTRY--AUTHOR NAME
Author name Badr, Azimabadi
245 ## - TITLE STATEMENT
Title Great Personalities in Islam
260 ## - PUBLICATION, DISTRIBUTION, ETC. (IMPRINT)
Place of publication New Delhi
Name of publisher Adam Publishers and Distributors
Year of publication 2012
300 ## - PHYSICAL DESCRIPTION
Number of Pages 596
942 ## - ADDED ENTRY ELEMENTS (KOHA)
Koha item type Books
Holdings
Home library Current library Shelving location Date acquired Cost, normal purchase price Full call number Accession Number Koha item type
Henry Martyn Institute Library Henry Martyn Institute Library General stacks 12/08/2017 400.00 297.61AZI 2 24834 Books
                   Copyright © 2026 | Henry Martyn Institute | Hyderabad | TS-500052 | INDIA | Implemented by hmi.edu.in
Hit-Count:

Powered by Koha